000 00503nam a2200169 i 4500
001 78709
003 ES-MaACL
005 20230906173806.0
007 t|
008 041015s1959 xxu ||||1| eng d
100 1 _aHawthorne, Nathaniel.
_962176
245 1 4 _aThe scarlet letter /
_cNathaniel Hawthorne ; with a foreword by Leo Marx.
260 _aNew York :
_bNew American Library,
_c[1959]
300 _aXIV, 254 p. ;
_c18 cm.
700 1 _aMarx, Leo.
_978594
852 _aES-MaACL
_jC-36310
_bR.66110
999 _c78709
_d78709